000 00633nam a2200241Ia 4500
003 OSt
005 20220918210609.0
006 a|||||r|||| 00| 0
007 ta
008 220917b |||||||| |||| 00| 0 eng d
024 _a121,110
037 _cTextual
040 _aARTS
_cARTS
_beng
041 _2eng
_aeng
082 _aZ42, L6
100 _aTanaka Hideo ed
_9118695
245 0 _aJapanese legal system edited by Hideo Tanka
260 _aJapan
_buniv of Tokyo Pres
_c1976
300 _axxiv,954p.
_ccm.
650 _aLAW
_97240
942 _hZ42, L6
_cTEXL
_2CC
999 _c244339
_d244339